[Event "Catalunya Club op"]
[Site "Spain"]
[Date "1999.??.??"]
[Round "?"]
[White "Lacasa Aluja, Lluis"]
[Black "Lopez Roca, Xavier"]
[Result "1/2-1/2"]
[WhiteElo "1935"]
[BlackElo "2020"]
[PlyCount "58"]
[EventDate "1999.??.??"]
[EventType "swiss"]
[EventRounds "9"]
[EventCountry "ESP"]
[SourceTitle "EXT 2000"]
[Source "ChessBase"]
[SourceDate "1999.11.16"]
[SourceVersion "1"]
[SourceVersionDate "1999.11.16"]
[SourceQuality "1"]

1. c4 c6 2. Nc3 d5 3. d4 Nf6 4. Nf3 a6 5. cxd5 cxd5 6. Bg5 e6 7. e3 Be7 8. Bd3 0-0 9. 0-0 b5 10. Qc2 h6 11. Bh4 Nbd7 12. Rfc1 Bb7 13. Bg3 Rc8 14. Qe2 b4 15. Na4 Qa5 16. b3 Ne4 17. Bxe4 dxe4 18. Nd2 Bd5 19. Nc4 Qb5 20. Rc2 Rc6 21. Rac1 Rfc8 22. Nab2 a5 23. Qd2 Kh7 24. Nd6 Bxd6 25. Bxd6 Nb6 26. Rc5 Qa6 27. Bg3 Nd7 28. R5c2 Qb5 29. Na4 Qa6 1/2-1/2